[Event "Canadian op"]
[Site "Sault Ste Marie"]
[Date "2017.07.09"]
[Round "2"]
[White "Hua, Eugene"]
[Black "Mills, Morgon"]
[Result "1-0"]
[WhiteElo "2251"]
[BlackElo "2011"]
[PlyCount "91"]
[EventDate "2017.07.08"]
[EventType "swiss"]
[EventRounds "9"]
[EventCountry "CAN"]
[SourceTitle "EXT 2018"]
[Source "ChessBase"]
[SourceDate "2017.10.13"]
[SourceVersion "1"]
[SourceVersionDate "2017.10.13"]
[SourceQuality "1"]

1. c4 b6 2. Nc3 Bb7 3. e4 e6 4. Nge2 Nf6 5. e5 Ng8 6. d4 d6 7. exd6 Bxd6 8. Nf4 Ne7 9. c5 bxc5 10. dxc5 Bxc5 11. Qxd8+ Kxd8 12. Bc4 Ng6 13. 0-0 Bd6 14. Nd3 Nd7 15. Be3 Ke7 16. Rfe1 Rhe8 17. Rac1 Kf8 18. Bb5 c6 19. Ne4 Be7 20. Bxc6 Bxc6 21. Rxc6 Nde5 22. Nxe5 Nxe5 23. Rc7 Nd3 24. Rd1 Nxb2 25. Rb1 Rab8 26. Bxa7 Rbc8 27. Rbc1 Rxc7 28. Rxc7 Nd3 29. a4 f5 30. Nc3 Bb4 31. Nb5 Re7 32. Rc4 Rd7 33. g3 Ba5 34. Be3 Nb2 35. Rc6 Bb4 36. Nd4 e5 37. Rc8+ Kf7 38. Nc6 Nd3 39. a5 f4 40. gxf4 exf4 41. Bb6 f3 42. a6 Kf6 43. Bd4+ Kg6 44. a7 Rd5 45. a8Q Rg5+ 46. Kf1 1-0

[Event "Canadian op"]
[Site "Sault Ste Marie"]
[Date "2017.07.08"]
[Round "1"]
[White "Mills, Morgon"]
[Black "Mulyar, Michael A"]
[Result "0-1"]
[WhiteElo "2011"]
[BlackElo "2395"]
[PlyCount "88"]
[EventDate "2017.07.08"]
[EventType "swiss"]
[EventRounds "9"]
[EventCountry "CAN"]
[SourceTitle "EXT 2018"]
[Source "ChessBase"]
[SourceDate "2017.10.13"]
[SourceVersion "1"]
[SourceVersionDate "2017.10.13"]
[SourceQuality "1"]

1. e4 e5 2. Nf3 Nc6 3. Bb5 a6 4. Ba4 Nf6 5. 0-0 b5 6. Bb3 Bc5 7. c3 d6 8. d4 Bb6 9. h3 0-0 10. a4 Bb7 11. Re1 h6 12. Na3 exd4 13. cxd4 Re8 14. d5 Ne5 15. axb5 axb5 16. Nd4 b4 17. Nac2 Rxa1 18. Nxa1 Ng6 19. Nc6 Qa8 20. Nc2 Bxc6 21. dxc6 Qxc6 22. Nxb4 Bxf2+ 23. Kxf2 Qc5+ 24. Kf1 Qxb4 25. Qf3 Ne5 26. Qc3 Qxc3 27. bxc3 Nd3 28. Rd1 Nxc1 29. Rxc1 Nxe4 30. Bd5 Re5 31. c4 Nf6 32. Bf3 Rc5 33. Ke2 Nd7 34. Kd2 Nb6 35. Be2 d5 36. cxd5 Rxc1 37. Kxc1 Nxd5 38. g3 Kf8 39. Kd2 Ke7 40. Kd3 Kd6 41. h4 Ke5 42. Bh5 f5 43. Bf3 Nf6 44. Kc4 Ne4 0-1

[Event "CAN-ch"]
[Site "Montreal"]
[Date "2017.06.30"]
[Round "8"]
[White "Mills, Morgon"]
[Black "Duong, Thanh Nha"]
[Result "1-0"]
[WhiteElo "2011"]
[BlackElo "2157"]
[PlyCount "155"]
[EventDate "2017.06.27"]
[EventType "swiss"]
[EventRounds "9"]
[EventCountry "CAN"]
[SourceTitle "CBM 179 Extra"]
[Source "ChessBase"]
[SourceDate "2017.08.23"]
[SourceVersion "1"]
[SourceVersionDate "2017.08.23"]
[SourceQuality "1"]

1. e4 c5 2. Nf3 d6 3. Bb5+ Nd7 4. 0-0 a6 5. Bxd7+ Bxd7 6. d4 cxd4 7. Qxd4 Qc7 8. c4 e6 9. Bg5 Rc8 10. b3 f6 11. Be3 Ne7 12. Qd2 Ng6 13. h3 Be7 14. a4 0-0 15. Nc3 f5 16. exf5 Rxf5 17. Nd4 Rf7 18. Rad1 h6 19. Qd3 Nf8 20. Rc1 Rd8 21. f4 g6 22. f5 gxf5 23. Bxh6 Qc5 24. Be3 Qe5 25. Nde2 Qf6 26. Nf4 Bc6 27. Rce1 Re8 28. Bd4 Qg5 29. Re3 Kh7 30. Rg3 Qg6 31. Be3 Qf6 32. Bd2 Kh8 33. Re1 Rg7 34. Rxg7 Qxg7 35. Re2 Rd8 36. b4 b6 37. Qe3 e5 38. Qxb6 Be8 39. Nfd5 Bh4 40. Be1 Qg5 41. Bxh4 Qxh4 42. Qf2 Qg5 43. Ne4 Qh5 44. Ng3 Qh4 45. Qxf5 Nh7 46. Qg4 Qxg4 47. hxg4 Bxa4 48. Ne3 Rc8 49. Ngf5 Rc6 50. Rd2 Ng5 51. Nxd6 Kg7 52. c5 Bb3 53. Nec4 Bxc4 54. Nxc4 Kf6 55. Ra2 e4 56. Kf2 Re6 57. Ke3 Nf7 58. Rf2+ Ke7 59. Rf4 Ng5 60. Nd6 Rg6 61. Nxe4 Ne6 62. Rf2 Rxg4 63. g3 Nc7 64. Kf3 Rg8 65. Rd2 Rb8 66. Rd4 Nb5 67. Rd3 Nc7 68. c6 Ke6 69. Nc5+ Kf5 70. g4+ Kg5 71. Ne4+ Kh4 72. Rd6 Rf8+ 73. Rf6 Rh8 74. g5 Kh5 75. g6 Kh6 76. Kg4 Nd5 77. Rd6 Nxb4 78. Ng3 1-0